000 00210 a2200109 4500
020 _a9781641569378
041 _aspa
100 _aLisa k.Scnell
245 _aAgua por todas Partes
942 _cBK
952 _71
999 _c23751
_d23751